[Event "Calvia op 4th"]
[Site "Calvia"]
[Date "2007.10.23"]
[Round "9"]
[White "Kvisla, Johannes Luangtep"]
[Black "Navarro Cazorla, Juan"]
[Result "1-0"]
[WhiteElo "2124"]
[BlackElo "2030"]
[PlyCount "65"]
[EventDate "2007.10.15"]
[EventType "swiss"]
[EventRounds "9"]
[EventCountry "ESP"]
[SourceTitle "CBM 120 Extra"]
[Source "ChessBase"]
[SourceDate "2007.11.01"]
[SourceVersion "1"]
[SourceVersionDate "2007.11.01"]
[SourceQuality "1"]

1. e4 e6 2. Qe2 Be7 3. f4 d5 4. d3 c5 5. Nf3 Nc6 6. c3 Nf6 7. g3 b6 8. e5 Ng4 9. h3 Nh6 10. Be3 Nf5 11. Bf2 Ba6 12. Bg2 h5 13. Nbd2 g5 14. fxg5 Bxg5 15. 0-0-0 Bh6 16. g4 Bxd2+ 17. Qxd2 Nfe7 18. Bh4 Qc7 19. Bf6 hxg4 20. hxg4 Rg8 21. g5 Ng6 22. Rde1 b5 23. Nh4 Nxh4 24. Rxh4 b4 25. Kb1 bxc3 26. Qxc3 Qb6 27. Rc1 c4 28. dxc4 Bxc4 29. Rxc4 dxc4 30. Qa3 Kd7 31. Qd6+ Kc8 32. Bxc6 Rb8 33. Qd7# 1-0

[Event "Calvia op 4th"]
[Site "Calvia"]
[Date "2007.10.18"]
[Round "4"]
[White "Navarro Cazorla, Juan"]
[Black "Aroven, Mikael"]
[Result "0-1"]
[WhiteElo "2030"]
[BlackElo "2201"]
[PlyCount "66"]
[EventDate "2007.10.15"]
[EventType "swiss"]
[EventRounds "9"]
[EventCountry "ESP"]
[SourceTitle "CBM 120 Extra"]
[Source "ChessBase"]
[SourceDate "2007.11.01"]
[SourceVersion "1"]
[SourceVersionDate "2007.11.01"]
[SourceQuality "1"]

1. d4 Nf6 2. Bg5 e6 3. e4 h6 4. Bxf6 Qxf6 5. c3 d5 6. e5 Qd8 7. f4 c5 8. dxc5 Bxc5 9. Nh3 a6 10. Nd2 Nc6 11. Nb3 Ba7 12. Qd2 Bd7 13. 0-0-0 Qc7 14. Kb1 0-0-0 15. Be2 f6 16. exf6 gxf6 17. Bg4 e5 18. Bxd7+ Qxd7 19. fxe5 fxe5 20. Rhf1 Qh7+ 21. Qc2 Qg7 22. Qf5+ Kb8 23. g3 Rhf8 24. Qe6 Qh7+ 25. Ka1 Rxf1 26. Rxf1 d4 27. cxd4 exd4 28. Nf4 d3 29. Rd1 Nb4 30. Nd2 Bd4 31. Qe4 Qd7 32. a3 Qa4 33. Rc1 Qxa3+ 0-1

[Event "Calvia op 4th"]
[Site "Calvia"]
[Date "2007.10.17"]
[Round "3"]
[White "Thomassen, Joachim"]
[Black "Navarro Cazorla, Juan"]
[Result "1/2-1/2"]
[WhiteElo "2263"]
[BlackElo "2030"]
[PlyCount "64"]
[EventDate "2007.10.15"]
[EventType "swiss"]
[EventRounds "9"]
[EventCountry "ESP"]
[SourceTitle "CBM 120 Extra"]
[Source "ChessBase"]
[SourceDate "2007.11.01"]
[SourceVersion "1"]
[SourceVersionDate "2007.11.01"]
[SourceQuality "1"]

1. d4 d6 2. e4 Nf6 3. f3 d5 4. e5 Nfd7 5. f4 c5 6. Nf3 Nc6 7. c3 cxd4 8. cxd4 Nb6 9. Be2 Bg4 10. 0-0 e6 11. Be3 Be7 12. a3 a5 13. Nc3 Rc8 14. Rc1 Na7 15. Nb5 Nxb5 16. Bxb5+ Kf8 17. Rxc8 Qxc8 18. Qd2 Qa8 19. Qc3 h6 20. Nd2 a4 21. h3 Bf5 22. g4 Bh7 23. f5 exf5 24. gxf5 f6 25. exf6 gxf6 26. Bxh6+ Kf7 27. Qe3 Qc8 28. Bd3 Bd6 29. Kh1 Nc4 30. Nxc4 dxc4 31. Qe6+ Qxe6 32. fxe6+ Ke7 1/2-1/2